00410nam a2200157Ia 45000010006000000050017000060080041000230410008000640820015000721000029000872450083001162600009001993000028002086500008002366540008002441905520260306171716.0260306s9999||||xx |||||||||||||| ||und|| aESP a658.8bE26 aEdwards, BenjamíneAUT 0aMarketing en movimiento:bcómo huir del equilibrio y el reposo creando valor c2020 a186 páginas :c23 cm. aGEN aCAN